[Event "16th Asian Games Rapid"]
[Site "Guangzhou CHN"]
[Date "2010.11.15"]
[Round "7"]
[White "Hassan, Abdullah"]
[Black "Kazhgaleyev, Murtas"]
[Result "0-1"]
[WhiteTitle "IM"]
[BlackTitle "GM"]
[WhiteElo "2398"]
[BlackElo "2623"]
[WhiteFideId "9300481"]
[BlackFideId "13700316"]
[EventDate "2010.11.13"]

1. d4 Nf6 2. Nf3 g6 3. g3 Bg7 4. Bg2 O-O 5. O-O d6 6. c4 Nbd7 7. Nc3 e5 8. e4
exd4 9. Nxd4 Re8 10. h3 Rf8 11. Nf3 Re8 12. Nd4 Nc5 13. Re1 Bd7 14. Rb1 h6 15.
b4 Ne6 16. Be3 Ng5 17. Bxg5 hxg5 18. Qd3 g4 19. h4 Nh5 20. Rbd1 a5 21. b5 Be5
22. a4 c6 23. Nb3 Qf6 24. Ne2 cxb5 25. cxb5 Rec8 26. Rc1 Qd8 27. Nc3 Nf6 28. Nd5
Nxd5 29. exd5 Qf6 30. Be4 Kg7 31. Kg2 Bb2 32. Rc2 Rxc2 33. Qxc2 Rc8 34. Qb1 b6
35. Re2 Bc3 36. Kg1 Rc4 37. Qa2 Be5 38. Bd3 Rc3 39. Be4 Bf5 40. Nd2 Bxe4 41.
Rxe4 Bxg3 42. Nf1 Bf4 43. Qe2 g3 44. fxg3 Bxg3 45. Re3 Bf4 46. Re4 Bg3 47. Re3
Bxh4 48. Rxc3 Qxc3 49. Qe4 Bf6 50. Kg2 Qb2+ 51. Kf3 Bd4 0-1